Statistics for World Cities twice as big as any within 250 Km

Click here to take the quiz!

General Stats

  • This quiz has been taken 83 times
  • The average score is 177 of 397

Answers on the Map

Answers color-coded by a green-red scale on the quiz's map according to % correct below.
 

Answer Stats

CountryPopCity% Correct
United States22000kNew York
98%
Russia16900kMoscow
96%
Australia4900kSydney
96%
Canada105kSydney
96%
United States5500kAtlanta
94%
Germany4500kBerlin
94%
United States7350kBoston
94%
Argentina15800kBuenos Aires
94%
United States9800kChicago
94%
India26400kDelhi
94%
Cuba2225kHavana
94%
Turkey14300kIstanbul
94%
United Kingdom14400kLondon
94%
United States17600kLos Angeles
94%
Philippines23300kManila
94%
United States6100kMiami
94%
France11200kParis
94%
United States7600kSan Francisco
94%
Sweden2075kStockholm
94%
Japan39500kTokyo
94%
Greece3425kAthens
92%
Finland1230kHelsinki
92%
United States6200kHouston
92%
Peru9950kLima
92%
Portugal2600kLisbon
92%
Spain6250kMadrid
92%
Australia4400kMelbourne
92%
India23200kMumbai
92%
Canada7100kToronto
92%
New Zealand381kWellington
92%
Spain4650kBarcelona
91%
Egypt16800kCairo
91%
United States6550kDallas
91%
Germany2750kHamburg
91%
Mexico22100kMexico City
91%
Italy5150kMilan
91%
Australia2075kPerth
91%
Czech Republic1470kPrague
91%
Brazil12700kRio de Janeiro
91%
Chile7050kSantiago
91%
South Korea24400kSeoul
91%
China30900kShanghai
91%
Iraq6850kBaghdad
89%
Thailand16900kBangkok
89%
South Africa13400kJohannesburg
89%
France1640kMarseille
89%
Portugal1190kPorto
89%
Russia5450kSaint Petersburg
89%
Yemen2475kSana'a
89%
Taiwan9050kTaipei
89%
Iran13700kTehran
89%
Tunisia2500kTunis
89%
Poland2275kWarsaw
89%
Turkey4675kAnkara
87%
New Zealand1470kAuckland
87%
Colombia9350kBogotá
87%
Tanzania5300kDar es Salaam
87%
United States3525kDenver
87%
Indonesia28100kJakarta
87%
Ukraine3375kKiev
87%
Panama1460kPanama City
87%
United States4325kPhoenix
87%
Ecuador2550kQuito
87%
Brazil21800kSão Paulo
87%
Singapore6900kSingapore
87%
Serbia1400kBelgrade
85%
France1010kBordeaux
85%
South Africa4125kCape Town
85%
Vietnam8250kHo Chi Minh City
85%
Pakistan24300kKarachi
85%
Nigeria17100kLagos
85%
United States2075kLas Vegas
85%
Canada4100kMontréal
85%
United States1010kNew Orleans
85%
Saudi Arabia6700kRiyadh
85%
Algeria3675kAlgiers
83%
United States291kAnchorage
83%
United Arab Emirates3925kDubai
83%
Mexico4975kGuadalajara
83%
Vietnam2950kHanoi
83%
United States1000kHonolulu
83%
India16000kKolkata
83%
Malaysia7000kKuala Lumpur
83%
United States3050kMinneapolis
83%
Iceland118kReykjavik
83%
Australia2900kBrisbane
81%
Venezuela3700kCaracas
81%
China47700kGuangzhou
81%
Dominican Republic3650kSanto Domingo
81%
Libya1110kTripoli
81%
Spain1930kValencia
81%
Canada1420kCalgary
79%
Morocco4175kCasablanca
79%
New Zealand363kChristchurch
79%
Bangladesh17600kDhaka
79%
Canada1270kEdmonton
79%
Democratic Republic of the Congo10600kKinshasa
79%
Italy648kPalermo
79%
Japan2500kSapporo
79%
Bulgaria1330kSofia
79%
Sri Lanka4675kColombo
77%
Mexico4650kMonterrey
77%
United States2300kSalt Lake City
77%
Costa Rica1840kSan José
77%
Mongolia1300kUlaanbaatar
77%
Ethiopia3475kAddis Ababa
75%
Sudan5550kKhartoum
75%
Somalia1720kMogadishu
75%
Kenya5200kNairobi
75%
Bahamas227kNassau
75%
Brazil4925kBelo Horizonte
74%
India10000kChennai
74%
Brazil3575kFortaleza
74%
Pakistan10200kLahore
74%
Madagascar2225kAntananarivo
72%
South Africa3225kDurban
72%
Zimbabwe2325kHarare
72%
Uganda3025kKampala
72%
Angola6800kLuanda
72%
Mozambique2200kMaputo
72%
Brazil3775kRecife
72%
Canada632kWinnipeg
72%
Azerbaijan2450kBaku
70%
Mali2950kBamako
70%
United Kingdom29kGeorge Town
70%
Guyana235kGeorgetown
70%
Turkey2950kIzmir
70%
United States2350kSaint Louis
70%
Brazil3650kSalvador
70%
United States2150kSan Juan
70%
Uzbekistan2650kTashkent
70%
China6650kXi'an
70%
Côte d'Ivoire5050kAbidjan
68%
India10500kBangalore
68%
Argentina1620kCórdoba
68%
Australia129kDarwin
68%
Saudi Arabia4225kJeddah
68%
United States1920kKansas City
68%
Brazil2075kManaus
68%
Liberia1340kMonrovia
68%
Papua New Guinea283kPort Moresby
68%
Russia1410kVolgograd
68%
Myanmar5150kYangon
68%
Colombia2925kCali
66%
Canada359kHalifax
66%
India9000kHyderabad
66%
Canada99kSaint John's
66%
United States545kAlbuquerque
64%
Ecuador3000kGuayaquil
64%
Australia216kHobart
64%
Zambia2275kLusaka
64%
Maldives103kMale
64%
South Africa1210kPort Elizabeth
64%
China3625kÜrümqi
64%
Eritrea563kAsmara
62%
Mexico542kCancun
62%
South Sudan300kJuba
62%
Gabon578kLibreville
62%
Burkina Faso2100kOuagadougou
62%
Brazil4075kPorto Alegre
62%
Seychelles22kVictoria
62%
Namibia268kWindhoek
62%
Suriname223kParamaribo
60%
Guinea-Bissau388kBissau
58%
Poland2375kKatowice
58%
Cape Verde113kPraia
58%
São Tomé and Príncipe53kSao Tome
58%
Brazil2150kBelém
57%
Brazil3275kCuritiba
57%
Venezuela2475kMaracaibo
57%
Russia319kMurmansk
57%
Bolivia1860kSanta Cruz
57%
Tajikistan679kDushanbe
55%
Kenya1120kMombasa
55%
Russia1180kOmsk
55%
Indonesia4700kSurabaya
55%
Australia25kAlice Springs
53%
Solomon Islands56kHoniara
53%
United States31kJuneau
53%
Nigeria4125kKano
53%
Norway147kTrondheim
53%
Philippines2275kCebu
51%
Vanuatu35kPort Vila
51%
Canada99kThunder Bay
51%
Libya650kBenghazi
49%
Indonesia1500kDenpasar
49%
Iran2750kIsfahan
49%
Russia1650kNovosibirsk
49%
Kiribati40kTarawa
49%
France61kCayenne
47%
Iran3075kMashhad
47%
Indonesia3425kMedan
47%
Australia153kCairns
45%
Marshall Islands25kMajuro
45%
Algeria1340kOran
45%
United States104kBillings
43%
Greece137kHeraklion
43%
Mexico1070kMérida
43%
United States208kSpokane
43%
Canada23kWhitehorse
43%
Peru312kCusco
42%
China4500kDalian
42%
Vietnam752kDa Nang
42%
Finland128kOulu
42%
Argentina58kUshuaia
42%
East Timor150kDili
40%
New Zealand114kDunedin
40%
Canada76kFort McMurray
40%
Sudan489kPort Sudan
40%
Argentina1340kRosario
40%
China7650kShenyang
40%
Iran1710kShiraz
40%
Mali32kTimbuktu
40%
Norway52kTromso
40%
Mexico809kChihuahua
38%
Democratic Republic of the Congo1870kLubumbashi
38%
Brazil1410kSão Luís
38%
Iran1620kTabriz
38%
Samoa40kApia
36%
Canada74kSault Ste. Marie
36%
China3950kKunming
34%
Pakistan1180kQuetta
34%
Indonesia1780kMakassar
32%
Australia196kTownsville
32%
Indonesia1690kPalembang
30%
Chile309kAntofagasta
28%
Japan1190kNaha
28%
France93kNoumea
28%
Russia187kPetropavlovsk-Kamchatsky
28%
Peru437kIquitos
26%
Democratic Republic of the Congo1860kMbuji-Mayi
26%
India112kPort Blair
26%
United States199kShreveport
26%
Mexico1300kTorreón
26%
Russia1120kUfa
26%
Russia235kYakutsk
26%
Peru841kArequipa
25%
Russia502kAstrakhan'
25%
Democratic Republic of the Congo539kKisangani
25%
Republic of the Congo659kPointe-Noire
25%
Indonesia250kBanda Aceh
23%
Portugal100kFunchal
23%
United States58kGrand Junction
23%
India1320kJodhpur
23%
Russia95kMagadan
23%
Argentina553kMar del Plata
23%
United States67kRapid City
23%
Brazil1010kTeresina
23%
Mexico595kHermosillo
21%
Russia1090kSaratov
21%
Brazil1790kVitória
21%
Niger124kAgadez
19%
Brazil235kBoa Vista
19%
Argentina140kComodoro Rivadavia
19%
Brazil521kCuiaba
19%
Indonesia134kJayapura
19%
Russia140kNoril'sk
19%
Brazil306kPorto Velho
19%
Canada65kPrince George
19%
Russia1040kVoronezh
19%
Indonesia355kAmbon
17%
Afghanistan272kHerat
17%
Russia579kKhabarovsk
17%
Tonga22kNuku'alofa
17%
Namibia52kWalvis Bay
17%
Kazakhstan180kAtyrau
15%
Argentina276kBahia Blanca
15%
Mozambique530kBeira
15%
Brazil729kCampo Grande
15%
India1060kGuwahati
15%
China137kHami
15%
Argentina242kNeuquen
15%
Kazakhstan147kAktau
13%
Yemen258kAl Mukalla
13%
Indonesia572kBanjarmasin
13%
Somalia74kBosaso
13%
Zimbabwe699kBulawayo
13%
Canada157kGreater Sudbury
13%
Zambia109kLivingstone
13%
China3675kNanchang
13%
Philippines222kPuerto Princesa
13%
Brazil257kRio Branco
13%
Algeria73kTamanrasset
13%
India1980kVishakhapatnam
13%
Mexico134kChetumal
11%
Mali87kGao
11%
China2875kGuiyang
11%
Australia31kKalgoorlie
11%
Australia74kMackay
11%
Mongolia27kMörön
11%
Australia22kMount Isa
11%
Oman163kSalalah
11%
Australia33kAlbany
9%
India1730kBhubaneswar
9%
Burkina Faso360kBobo-Dioulasso
9%
Russia308kChita
9%
Chile129kCopiapo
9%
Brazil96kCorumba
9%
Sudan252kEl Fasher
9%
Papua New Guinea76kLae
9%
Botswana49kMaun
9%
Egypt62kMersa Matruh
9%
Mauritania72kNouadhibou
9%
Brazil196kPalmas
9%
Ghana360kTamale
9%
Russia80kVorkuta
9%
South Sudan127kWau
9%
Russia176kYuzhno-Sakhalinsk
9%
Australia26kGeraldton
8%
Libya24kGhat
8%
Canada41kGrande Prairie
8%
Brazil225kJuazeiro do Norte
8%
China274kKashi
8%
Indonesia195kKendari
8%
Australia30kMildura
8%
Tanzania436kMwanza
8%
Russia550kOrenburg
8%
Russia265kPetrozavodsk
8%
Brazil189kSantarem
8%
Indonesia101kTernate
8%
Madagascar115kToliara
8%
Libya46kAl Jawf
6%
Kazakhstan81kBalqash
6%
Morocco75kDakhla
6%
Sudan264kEl Daein
6%
Iran577kKerman
6%
Russia275kKomsomolsk-on-Amur
6%
Indonesia282kKupang
6%
Brazil338kMacapa
6%
Indonesia53kManokwari
6%
Tanzania96kMtwara
6%
Mauritania60kNema
6%
Russia94kNovyy Urengoy
6%
Indonesia282kPalu
6%
Russia25kSeverobaikalsk
6%
Brazil116kSinop
6%
Nigeria563kSokoto
6%
Indonesia125kSorong
6%
Bolivia84kTrinidad
6%
China1530kYinchuan
6%
Philippines457kZamboanga
6%
China139kAltay
4%
Mauritania24kAtar
4%
Algeria143kBechar
4%
Indonesia309kBengkulu
4%
Iran196kBirjand
4%
Côte d'Ivoire567kBouake
4%
Chile45kCoihaique
4%
Sudan393kEl Obeid
4%
Saudi Arabia267kHayil
4%
China114kHotan
4%
Democratic Republic of the Congo127kIsiro
4%
Zambia91kKasama
4%
Russia108kKyzyl
4%
Indonesia188kLabuhanbajo
4%
China1137kLijiang
4%
Madagascar154kMahajanga
4%
Indonesia451kManado
4%
Democratic Republic of the Congo184kMbandaka
4%
Tanzania291kMbeya
4%
Cape Verde70kMindelo
4%
Indonesia43kNabire
4%
Peru310kPucallpa
4%
China86kQamdo
4%
Saudi Arabia455kTabuk
4%
Iran477kYazd
4%
Kazakhstan104kZhezqazghan
4%
Brazil70kAltamira
2%
Brazil158kBarreiras
2%
Democratic Republic of the Congo32kBoende
2%
Kazakhstan300kKyzylorda
2%
South Sudan160kMalakal
2%
Brazil332kMontes Claros
2%
Kazakhstan329kPavlodar
2%
Brazil194kPetrolina
2%
Mozambique188kQuelimane
2%
Namibia58kRundu
2%
China179kSayibage
2%
Russia230kSyktyvkar
2%
South Africa71kUpington
2%
China120kXilin Hot
2%
Iran551kZahedan
2%
Papua New Guinea40kArawa
0%
Saudi Arabia24kAs Sulayyil
0%
Cameroon218kBertoua
0%
Russia256kBratsk
0%
Saudi Arabia391kBuraydah
0%
Chad23kFada
0%
Sudan162kGeneina
0%
Democratic Republic of the Congo135kKindu
0%
Papua New Guinea26kKokopo
0%
Angola32kMenongue
0%
Zambia52kMongu
0%
Namibia33kOshakati
0%
Chad102kSagh
0%
Indonesia39kTual
0%
Mauritania38kZouerat
0%

Score Distribution

Percentile by Number Answered

Percent of People with Each Score

Your Score History

You have not taken this quiz